BIBLIOTHÈQUE DE LA MAISON DU MEXIQUE

Logo 1 Logo 2

Más allá de la economía (notice nᵒ 5954)

détails MARC
000 -Sello discográfico
campo de control de longitud fija 01416nam a2200397 4500
005 - Identificación de versión
campo de control 20251016084546.0
010 ## - Número Estándar Internacional de Libros (ISBN)
Número (ISBN) 978-607-16-2129-0
099 ## - fechas locales
Tipo de ítem Koha LIBRO
100 ## - Datos de procesamiento general
Datos de procesamiento general 20211029d2014 m y1spay5003 ba
101 ## - Idioma del recurso
Idioma del texto, banda sonora, etc. Español; Castellano
Idioma de la obra original Alemán
105 ## - Campo de datos codificados: Material textual, monográfico
Datos codificados de monografía y 001zy
200 1# - Título y mención de responsabilidad
Título propio Más allá de la economía
Designación general del material texto impreso
Otra información del título antología de ensayos
Primer mención de responsabilidad selección de textos e introducción José Woldenberg
Declaración de responsabilidad subsiguiente traducción Eduardo L. Suárez, Juan José Utrilla, Francisca Minguella, Raúl Gutiérrez, Tomás Segovia
205 ## - Declaración de edición
Declaración de edición 1a ed
210 ## - Publicación, distribución, etc.
Lugar de publicación, distribución, etc. México
Nombre del editor, distribuidor, etc. Fondo de Cultura Económica
Fecha de publicación, distribución, etc. 2014
215 ## - Descripción física
Designación de material específico y extensión del ítem 519 p
Dimensiones 17 cm
300 ## - Notas generales
Texto de la nota Incluye bibliografía p.495-519
345 ## - Nota de información de adquisición
Fuente de adquisición/dirección de la suscripción [OBSOLETO] Donación
410 #1 - Series
Título Colección Popular
Número de volumen 667
606 ## - Término temático usado como materia
Elemento de entrada Desarrollo económico
Número Koha 3042
606 ## - Término temático usado como materia
Elemento de entrada Economía
Número Koha 1898
660 ## - Código de área geográfica
Código MX
700 ## - Nombre personal - Responsabilidad primaria
Elemento de entrada Hirschman
Parte del nombre distinta del elemento de entrada Albert Otto
Fechas 1915-2012
Número Koha 11436
702 ## - Nombre personal - Responsabilidad secundaria
Elemento de entrada Gutiérrez
Parte del nombre distinta del elemento de entrada Raúl
Número Koha 11437
702 ## - Nombre personal - Responsabilidad secundaria
Elemento de entrada Minguella
Parte del nombre distinta del elemento de entrada Francisca
Número Koha 11438
702 ## - Nombre personal - Responsabilidad secundaria
Elemento de entrada Segovia
Parte del nombre distinta del elemento de entrada Tomás
Fechas 1927-2011
Número Koha 1639
702 ## - Nombre personal - Responsabilidad secundaria
Elemento de entrada Suárez Galindo
Parte del nombre distinta del elemento de entrada Eduardo
Fechas 1931-
Número Koha 2789
702 ## - Nombre personal - Responsabilidad secundaria
Elemento de entrada Utrilla
Parte del nombre distinta del elemento de entrada Juan José
Fechas 1932-
Número Koha 2309
702 ## - Nombre personal - Responsabilidad secundaria
Elemento de entrada Woldenberg Karakowski
Parte del nombre distinta del elemento de entrada Isaac José
Fechas 1952-
Número Koha 9478
801 #0 - Fuente de origen
País FR
Agencia cm
Reglas de catalogación (convenciones descriptivas) AFNOR
900 ## -
-- 1/21528
900 ## -
-- 7100417642\080104
942 ## - ELEMENTOS DE ENTRADA SECUNDARIOS (KOHA)
Tipo de ítem Koha Livre
996 ## -
-- MEX
-- 751145101
-- MMAG
-- 005445
-- 082.97 C882 V.667
-- 20211029LIV
Exemplaires
Estatus retirado Estado de daño Estado de pérdida Fecha de adquisición Biblioteca de origen Biblioteca actual Ubicación en estantería Código de barras Precio de reemplazo Signatura topográfica completa No para préstamo Tipo de ítem Koha Nota pública Nota no pública
      05/08/2025 Casa México Paris Casa México Paris   005445 05/08/2025 082.97 C882 V.667   Livre 20211029LIV 751145101